000 00360cam a2200145ua 4500
041 _aeng
_h
082 _a821
_bDON/PO
100 _aDonne, John .
245 _aPoems of John Donne, Vol 1 /
_cJohn Donne.
_hTextual Documents
260 _aLondon :
_bOxford University Press ,
_c1966.
300 _a474 ; .
504 _a
942 _cBK
999 _c5857
_d5857